• 首页
  • 本馆介绍
  • 公告通知
  • 最新文献
  • 馆藏检索
  • 电子资源
  • 读者导购
  • 参考咨询
  • 我的图书馆
  • 登录
  • 详细信息显示
  • 放入我的书架
  • 预约/预借图书
  • 作者相关作品
  • 分类相关作品
  • 丛书相关作品
  • 出版社相关作品

书目信息

  • 表格格式
  • 工作单格式
  • 卡片格式
题名:
中国少数民族体育
    
 
作者: 央西 编著
分册:  
出版信息: 北京   中国画报出版社  2004
页数: 114页
开本: 20cm
丛书名: 二十一世纪中国少数民族系列丛书
单 册:
中图分类: G85
科图分类:
主题词: 少数民族 , 民族形式体育 , 少数民族--民族形式体育--中国
电子资源:
ISBN: 7-80024-759-7
000 00796oam2 2200265 450
001 002727492
005 20061031164134.75
010    @a7-80024-759-7@dCNY18.80
100    @a20040909d2004 em y0chiy0110 ea
101 0  @achi
102    @aCN@b110000
105    @aa z 000yy
200 1  @a中国少数民族体育@9zhong guo shao shu min zu ti yu@f央西编著
210    @a北京@c中国画报出版社@d2004
215    @a114页@c彩照@d20cm
225 2  @a二十一世纪中国少数民族系列丛书@v8
461  0 @12001 @a二十一世纪中国少数民族系列丛书@v8
510 1  @aSports of the Ethnic Groups in China@zeng
606 0  @a少数民族
606 0  @a民族形式体育
606 0  @a少数民族@x民族形式体育@y中国
690    @aG85@v4
701  0 @c(藏)@a央西@9yang xi@4编著
801  0 @aCN@bNLC@c20061031
905    @a10447@dG85@e136
    
    中国少数民族体育/央西编著.-北京:中国画报出版社,2004
    114页:彩照;20cm.-(二十一世纪中国少数民族系列丛书;8)
    
    
    ISBN 7-80024-759-7:CNY18.80
    
●
相关链接 在E读中查询图书 在五车中查询图书 在当当中查询图书 在豆瓣中查询图书


正题名:中国少数民族体育     索取号:G85/136         预约/预借

序号 登录号 条形码 馆藏地/架位号 状态 备注
1 0386587   203865870   第一样本阅览室/ [索取号:G85/136] 在馆    
2 0386588   203865889   第四借阅区/ [索取号:G85/136] 在馆    
3 0386589   203865898   第四借阅区/ [索取号:G85/136] 在馆    
4 0386590   203865905   第四借阅区/ [索取号:G85/136] 在馆    
5 0386591   203865914   第四借阅区/ [索取号:G85/136] 在馆    
唐山师范学院图书馆 欢迎您!
大连网信软件有限公司© 版权所有